Logo Biblioteca

El pintor de Cracovia : (Registro nro. 1029)

Detalles MARC
000 -LEADER
fixed length control field 01267nam a2200241 4500
003 - CONTROL NUMBER IDENTIFIER
control field AR-RoUNCS
005 - DATE AND TIME OF LATEST TRANSACTION
control field 20260522140820.0
007 - PHYSICAL DESCRIPTION FIXED FIELD--GENERAL INFORMATION
fixed length control field ta
008 - FIXED-LENGTH DATA ELEMENTS--GENERAL INFORMATION
fixed length control field 210727s2008 sp a |r|||| 00| |aspa d
020 ## - INTERNATIONAL STANDARD BOOK NUMBER
International Standard Book Number 9788466639606
040 ## - CATALOGING SOURCE
Original cataloging agency AR-RoUNCS
Language of cataloging spa
Transcribing agency AR-RoUNCS
041 1# - LANGUAGE CODE
Language code of text/sound track or separate title spa
Language code of original eng
100 1# - MAIN ENTRY--PERSONAL NAME
Personal name Bau, Joseph,
Dates associated with a name 1920-2002
245 13 - TITLE STATEMENT
Title El pintor de Cracovia :
Remainder of title una de las más increíbles memorias que nos ha deparado el holocausto /
Statement of responsibility, etc. Joseph Bau ; traducción de Antonio Luis Golmar Gallego.
260 ## - PUBLICATION, DISTRIBUTION, ETC.
Place of publication, distribution, etc. Barcelona :
Name of publisher, distributor, etc. Ediciones B,
Date of publication, distribution, etc. c2008.
300 ## - PHYSICAL DESCRIPTION
Extent 282 p. :
Other physical details il. ;
Dimensions 24 cm.
490 0# - SERIES STATEMENT
Series statement No ficción. Historia
520 ## - SUMMARY, ETC.
Summary, etc. En La lista de Schindler, los espectadores de todo el mundo vieron el milagro de la boda clandestina de dos judíos en el campo de concentración de Plaszow. El novio era un joven pintor llamado Joseph Bau, a quien las autoridades nazis habían adjudicado el número 69084.<br/>Bau describe el Holocausto de principio a fin, sin perder jamás la humanidad, la dignidad ni el humor, y lo acompaña de poemas, ilustraciones y mapas, así como de un retrato de Oskar Shindler.
650 #7 - SUBJECT ADDED ENTRY--TOPICAL TERM
Topical term or geographic name entry element Holocausto judío (1939-1945)
Source of heading or term embne
650 #7 - SUBJECT ADDED ENTRY--TOPICAL TERM
Topical term or geographic name entry element Campos de concentración
Source of heading or term embne
655 #7 - INDEX TERM--GENRE/FORM
Genre/form data or focus term Autobiografías
Source of term embne
942 ## - ADDED ENTRY ELEMENTS (KOHA)
Source of classification or shelving scheme Universal Decimal Classification
Koha item type Obra General
Suppress in OPAC No
Existencias
Withdrawn status Lost status Source of classification or shelving scheme Damaged status Not for loan Collection Home library Current library Date acquired Source of acquisition Total checkouts Full call number Barcode Date last seen Price effective from Koha item type
    Universal Decimal Classification     Colección General Biblioteca Escuela de Ciencias Sociales Biblioteca Escuela de Ciencias Sociales 22/05/2026 Donación   82-94(438) B337 000979 22/05/2026 22/05/2026 Obra General
Biblioteca de la Escuela Preuniversitaria en Ciencias Sociales y Humanísticas.
Riobamba 250 bis.
CP 2000 - Rosario - Santa Fe
E-Mail: biblioteca@esociales.unr.edu.ar